[Event "Bad Ragaz op 8th"]
[Site "Bad Ragaz"]
[Date "2013.03.28"]
[Round "1"]
[White "Siclari, Giovanni"]
[Black "Bartholet, Sven"]
[Result "1-0"]
[WhiteElo "2021"]
[BlackElo "1494"]
[PlyCount "37"]
[EventDate "2013.03.28"]
[EventType "swiss"]
[EventRounds "7"]
[EventCountry "SUI"]
[SourceTitle "CBM 153 Extra"]
[Source "ChessBase"]
[SourceDate "2013.04.22"]
[SourceVersion "1"]
[SourceVersionDate "2013.04.22"]
[SourceQuality "1"]

1. Nf3 Nc6 2. d4 d5 3. c4 dxc4 4. d5 Nb8 5. e4 Nf6 6. Nc3 c6 7. Bxc4 Bg4 8. 0-0 Nfd7 9. Bf4 f6 10. h3 Bh5 11. Qb3 Nc5 12. Qb4 e5 13. dxe6 b5 14. Nxb5 Nxe4 15. Qe1 Nd6 16. Nxd6+ Bxd6 17. Rd1 Bxf4 18. Rxd8+ Kxd8 19. Qa5+ 1-0